000 00314nam a2200133Ia 4500
008 150301s2015 xx 000 0 und d
082 _a615.4
_bC12B
100 _aR.S BEARDSLEY
245 _aCOMMUNICATION SKILLS IN PHARMACY-|
260 _bWOLTER KLUMER
300 _a255
650 _aPHARMACY
942 _2ddc
_cBK
999 _c7241
_d7241